Normal view
MARC view
Entry Personal Name
001 - CONTROL NUMBER
- control field: 12083
003 - CONTROL NUMBER IDENTIFIER
- control field: OSt
005 - DATE AND TIME OF LATEST TRANSACTION
- control field: 20170407145153.0
008 - FIXED-LENGTH DATA ELEMENTS
- fixed length control field: 170407|| aca||aabn | a|a d
040 ## - CATALOGING SOURCE
- Original cataloging agency: OSt
- Transcribing agency: OSt
100 ## - HEADING--PERSONAL NAME
- Personal name: Ediited by Dodds, Linda J.
670 ## - SOURCE DATA FOUND
- Source citation: Work cat.: (OSt): Ediited by Dodds, Linda J., Drugs in Use
